000 00828nam a2200241 a 4500
001 000862914
003 AM-YeHGA
005 20250617145111.0
008 120131s2005 ||| r 000 0 rus d
020 _a5170275838 (АСТ)
020 _a5-7921-0677-0 (Terra fantastica)
040 _aAM-YeHGA
041 0 _arus
100 1 _aПереслегин, Сергей Борисович
245 1 0 _aСамоучитель игры на мировой шахматной доске /
_cСергей Переслегин.
260 _aМосква :
_bАСТ ;
_aСанкт-Петербург :
_bTerra fantastica,
_c2005.
300 _a621 с. :
_bкарт.
440 0 _aPhilosophy
504 _aБиблиогр.: с. 610-619
650 1 4 _aСоциология
653 0 _aГеополитика
090 _c308061
999 _c306353
_d306353